000
00293nam a2200145Ia 4500
100
_a
CIMI
650
_a
Fitter
942
_c
BK
654
_a
fitter
245
_a
Fitter-Second year Assignment test
260
_b
CIMI
_a
Chennai
082
_a
621.9
_b
CIM
300
_a
65
546
_a
ENGLISH
999
_c
31111
_d
31111